Southville International School and Colleges
Your cart is empty.
  • Cart
  • Lists
    Public lists Eva Luna New books Lux_list list_1
    Your lists Log in to create your own lists
  • Log in to your account
  • Your cookies
  • Search history
Southville International School and Colleges
  • Advanced search
  • Recent comments
  • Most popular
  • Libraries

Log in to your account

Log in with GOOGLE


If you do not have an external account, but do have a local account, you can still log in:

  1. Home
  2. MARC view: Sky dancers: one for all.
Normal view MARC view ISBD view

Sky dancers: one for all. (Record no. 111780)

[ view plain ]
MARC details
000 -LEADER
fixed length control field 00546nam a2200181 a 4500
001 - CONTROL NUMBER
control field 3363
005 - DATE AND TIME OF LATEST TRANSACTION
control field 20140414131921.0
008 - FIXED-LENGTH DATA ELEMENTS--GENERAL INFORMATION
fixed length control field 040526s19uu xx 00 eng d
020 ## - INTERNATIONAL STANDARD BOOK NUMBER
International Standard Book Number 0-7214-2583-6
050 ## - LIBRARY OF CONGRESS CALL NUMBER
Classification number ER
Item number Sk9 1996
245 ## - TITLE STATEMENT
Title Sky dancers: one for all.
260 ## - PUBLICATION, DISTRIBUTION, ETC. (IMPRINT)
Place of publication, distribution, etc Leicestershire, UK :
Name of publisher, distributor, etc Ladybird Books,
Date of publication, distribution, etc 1996.
300 ## - PHYSICAL DESCRIPTION
Extent 27 p. : ill. ; cm.
520 ## - SUMMARY, ETC.
Summary, etc Will Sky Clone and his three mischievous imps be able to destroy their friendship?
650 ## - SUBJECT ADDED ENTRY--TOPICAL TERM
Topical term or geographic name as entry element Adventures--Fiction.
650 ## - SUBJECT ADDED ENTRY--TOPICAL TERM
Topical term or geographic name as entry element Children stories.
Holdings
Withdrawn status Lost status Damaged status Use restrictions Home library Current library Shelving location Date acquired Source of acquisition Total Checkouts Full call number Barcode Date last seen Price effective from Koha item type
        Munich Library Munich Library Easy Reading Section 05/26/2004     ER Sk9 1996 M2674 04/14/2014 04/14/2014 Books

Sky dancers: one for all.

APA

(1996). Sky dancers: one for all. Leicestershire, UK: Ladybird Books.

Chicago

1996. Sky dancers: one for all. Leicestershire, UK: Ladybird Books.

Harvard

(1996). Sky dancers: one for all. Leicestershire, UK: Ladybird Books.

MLA

Sky dancers: one for all. Leicestershire, UK: Ladybird Books. 1996.

  • Place hold
  • Print
  • Cite
  • Add to your cart (remove)
  • Save record
    BIBTEX Dublin Core MARCXML MARC (non-Unicode/MARC-8) MARC (Unicode/UTF-8) MARC (Unicode/UTF-8, Standard) MODS (XML) RIS
  • More searches
    Search for this title in:
    Other Libraries (WorldCat) Other Databases (Google Scholar) Online Stores (Bookfinder.com) Open Library (openlibrary.org)

Exporting to Dublin Core...

SOUTHVILLE LIBRARY

Southville International School and Colleges Library

1281 Tropical Ave. Cor. Luxembourg St., BF Homes International, Las Pinas City

Tel. No. 8256374 / 252358 Loc. 117/146

Powered by Koha